Culture Générale - Série 2292 - Statistiques

Statistiques générales
  • Ce quiz a été pris 115 fois
  • Le résultat moyen est 3 sur 10
Statistiques - réponses
Question Réponse % Correct
Quel instrument de musique est appelé familièrement "gratte" ? guitare
85%
Nom de l’épée mythique qui a appartenu au chevalier Roland, personnage de la littérature médiévale et de la Renaissance Durandal
55%
Dans quelle partie du corps humain trouve-t-on l'uvée ? oeil
46%
Comment appelle-t-on familièrement un costume d'homme souvent associé à sa cravate ? costard
42%
Sonnerie de cloche répétée et prolongée, pour donner l'alarme tocsin
40%
Bruit produit par le déplacement des gaz dans l'intestin ou l'estomac, synonyme de gargouillement - 10 lettres commençant par " b " borborygme
25%
Palais du sultan, dans l'ancien Empire ottoman, dont le nom est dans le titre d'une oeuvre de Mozart sérail
21%
C'est une situation de tout repos sinécure
20%
Quel mot de 14 lettres commençant par " e " signifie " Mauvais tour joué à quelqu'un, duperie ou mensonge dont l'objectif est de prendre avantage sur autrui "? entourloupette
8%
Dans quel pays peut-on admirer la statue monumentale du Christ de Manado ? voir photo Indonésie
3%
Aucun quiz correspondant
Distribution des résultats
% des personnes avec chaque résultat
Percentile par nombre de réponses
Votre historique - résultats
Vous n’avez pas pris ce quiz